Nový svet obrázkový časopis slovenský

Ilustrovaný spoločenský týždenník, rozšírený najmä medzi inteligenciou. Donášal rozprávky, novely, neskôr romány, príspevky o filme, divadle, články z národopisu, cykly príspevkov o mestách, obrázkové reportáže, mal rubriky: ženský svet, Hádankársky kútik, Filatelia, Šport...

Full description

Bibliographic Details
Other Authors: Kolesár, Miloš, 1892-1983 (Publishing director), Fojtík, Karol, redaktor (Publishing director), Rudinský, Jozef, 1891-1972 (Publishing director), Nižnánsky, Jozef, 1903-1976 (Publishing director)
Format: Journal
Language:Slovak
PhysicalDescription:20 zv. 31 cm
Published: Bratislava Miloš Kolesár 1926-1945
Bratislava [s.n.]
Bratislava Ivan Murín
Praha Knihospol
Praha Jozef Nižnánsky
Bratislava
Bratislava
ISSN:1339-3480
Subjects:

MARC

LEADER 00000cas a2200000 a 4500
001 vtls010300312
003 SK-MaSNL
005 20260228163022.0
008 110810d19261945xo wr|p 0 b0slo
022 |a 1339-3480 
035 |a (SVKBB03)vtls000118785 
040 |a SNK  |b slo  |c SNK  |e AACR2 
041 0 |a slo 
044 |a xo  |c SK  |a xr  |c CZ 
072 7 |a 394  |x Verejný a spoločenský život. Každodenný život  |2 konspekt 
080 |a 379.8  |2 2001 
080 |a 394  |2 2001 
080 |a 316.728  |2 2001 
080 |a 050  |2 2001 
210 0 |a Nový svet 
222 0 |a Nový svet 
245 0 0 |a Nový svet  |b obrázkový časopis slovenský 
260 |a Bratislava  |b Miloš Kolesár  |c 1926-1945 
260 2 |3 10/1929-15/1930  |a Bratislava  |b [s.n.] 
260 2 |3 16/1930-1932  |a Bratislava  |b Ivan Murín 
260 2 |3 1933-1/1935  |a Praha  |b Ivan Murín 
260 2 |3 2/1935-1938  |a Praha  |b Knihospol 
260 2 |3 1/1939-14/1939  |a Bratislava  |b Knihospol 
260 3 |3 15/1939-1945  |a Bratislava  |b Jozef Nižnánsky 
300 |a 20 zv.  |c 31 cm 
310 |a 1x týždenne  |b 10/1933-1945 
321 |a 2x mesačne  |b 1926-9/1933 
362 0 |a Roč. I, č. 1 (29.8.1926)-roč. XX, č. 13 (31.3.1945) 
500 |a Podnázov sa mení 
500 |a Zodp. red.: 1926-1929, Miloš Kolesár; 1/1930-22/1930 Karol Fojtík; 1931-14/1939, Jozef Rudinský; 15/1939-1945, Jozef Nižnánsky 
500 |a Vyd. a maj.: Miloš Kolesár; od 10/1929 bez vydav. údajov; od 16/1930 Ivan Murín; od 2/1935 Knihospol, nakl. a dodáv. spol. s r. o. v Prahe; od 11/1936 Knihospol, nakl. a dodavateľská spol. s r. o. v Bratislave [do 14/1939)]; Maj., vyd. a zodp. red. Jozef Nižnánsky [od 15/1939] 
500 |a Nakl. od 7/1926 Vydavateľstvo Nového sveta, obraz. časopisu slovenského 
500 |a Tlač. Slovenská grafia a Dielňa Krasin, Bratislava; od 1/1927 Vernay A. G., Viedeň; od 3/1927 Slovenská kníhtlačiareň, Bratislava; od 9/1927 Karol Angermayer, Bratislava; od 14/1927 J. N. Vernay A. G., Viedeň; od 17/1927 Karol Angermayer, Bratislava; od 1/1928 J. N. Vernay A. G., Viedeň; od 14/1929 Universum, úč. tlač., Bratislava; od r. 1930 Max Pöck (A. J. Wenzl), Viedeň; od 17/1930 A. K. Perschack, Viedeň; od 19/1930 Max Pöck (A. J. Wenzl), Viedeň; od 1/1931 Jaroslav Hencl, kníhtlačiareň Gutenberg, Praha; od 8/1932 Kníhtlačiareň Jednota, Jur. Polák a spol., Praha; od 1/1933 Kníhtlačiareň Fr. Herman; Praha; od 18/1934 fa B. Brix, grafické závody, Pardubice a Fr. Herman, Praha; od 27/1934 Jozef Doležal, grafické závody, Červený Kostelec a Fr. Herman, Praha; od 2/1935 Legiografia, Praha a Kníhtlačiareň Joz. Doležal, Červený Kostelec; od 11/1936 Slov. grafia, Bratislava; od 1/1938 Knihospol, Žilina [do 4/1939]; Hĺbkotlač Slov. Grafie, Bratislava [od 5/1939] 
520 |a Ilustrovaný spoločenský týždenník, rozšírený najmä medzi inteligenciou. Donášal rozprávky, novely, neskôr romány, príspevky o filme, divadle, články z národopisu, cykly príspevkov o mestách, obrázkové reportáže, mal rubriky: ženský svet, Hádankársky kútik, Filatelia, Šport 
525 |a 45. číslo XV. ročníka malo mimoriadnu prílohu: Okienko do Trenčianskej župy, ktorú zredig. Belo Škarnicel (ss. 27-32 + ilustrácie). Tatranskej župe bolo venované 8. číslo XVI. ročníka (z 22. 2. 1941), ktoré malo hodnotnú a rozsiahlu obrazovú časť. Mimoriadnu prílohu Nového sveta Slovenské drevárstvo a lesníctvo zredigoval Belo Škarnicel (pri čísle 29/XV) (20. 7. 1940), ktorý zredigoval aj mimoriadnu prílohu Okienko do slovenského priemyslu (pri čísle 35.) XV. (31. 8. 1940). Číslo 47. XV. ročníka (z 23. 11. 1940) malo mimoriadnu prílohu Slovenské peňažníctvo. Od 30. čísla XV. ročníka bola uverejňovaná príloha Viliam Schwanzer: Veselá škola nemčiny 
650 0 7 |a všeobecnosti a zaujímavosti  |2 SNKPH  |9 4162 
650 0 7 |a voľný čas  |2 SNKPH  |9 3355 
650 0 7 |a spoločenský život  |2 SNKPH  |9 28654 
655 7 |a spoločenské časopisy  |2 SNKPH  |9 70515 
700 1 |a Kolesár, Miloš,  |d 1892-1983  |4 pbd  |4 pbl  |9 208303 
700 1 |a Fojtík, Karol,  |c redaktor  |4 pbd  |9 272788 
700 1 |a Rudinský, Jozef,  |d 1891-1972  |4 pbd  |9 195448 
700 1 |a Nižnánsky, Jozef,  |d 1903-1976  |4 pbd  |4 pbl  |9 110616 
910 |a snk 
916 |a 1926-1945 
999 |c 8738  |d 10668 
952 |0 0  |1 0  |4 0  |7 0  |8 1  |a SNK  |b SNK  |d 1999-02-24  |i snkD 1292/61  |l 0  |o snkČSB 172/2/1927 D1  |p 17A0182729  |r 2005-01-02 00:00:00  |t č. 1-20  |w 2026-02-21  |y PREZ 
952 |0 0  |1 0  |4 0  |7 0  |8 1  |a SNK  |b SNK  |d 2002-07-02  |i snkD 1057/61  |l 0  |o snkČSB 172/2/1927  |p 17A0344978  |r 2005-01-02 00:00:00  |t č. 1-20  |w 2026-02-21  |y PREZ 
952 |0 0  |1 0  |4 0  |7 0  |a SNK  |b SNK  |d 1997-03-07  |l 0  |o snkČSB 172/18/1943  |p 17A0053735  |r 2005-01-02 00:00:00  |t č. 1-52  |w 2026-02-21  |y PREZ 
952 |0 0  |1 0  |4 0  |7 0  |a SNK  |b SNK  |d 1997-04-09  |l 0  |o snkČSB 172/18/1943 D2  |p 17A0058945  |r 2005-01-02 00:00:00  |t č. 1-52  |w 2026-02-21  |y PREZ 
952 |0 0  |1 0  |4 0  |7 0  |a SNK  |b SNK  |d 1997-03-07  |l 0  |o snkČSB 172/19/1944  |p 17A0053807  |r 2005-01-02 00:00:00  |t č. 1-52  |w 2026-02-21  |y PREZ 
952 |0 0  |1 0  |4 0  |7 0  |a SNK  |b SNK  |d 1999-03-09  |l 0  |o snkČSB 172/19/1944 D1  |p 17A0184547  |r 2005-01-02 00:00:00  |t č. 1-52  |w 2026-02-21  |y PREZ 
952 |0 0  |1 0  |4 0  |7 0  |8 5  |a SNK  |b SNK  |d 2001-06-28  |i snkF 952/68  |l 0  |o snkČSB 172/19/1944 D2  |p 17A0304194  |r 2005-01-02 00:00:00  |t č. 1-52  |w 2026-02-21  |y PREZ 
952 |0 0  |1 0  |4 0  |7 0  |8 0  |a SNK  |b SNK  |d 1997-03-03  |i snk1409/36  |l 0  |o snkČSB 172/10/1935  |p 17A0051047  |r 2005-01-02 00:00:00  |t č. 1-46  |w 2026-02-21  |y PREZ 
952 |0 0  |1 0  |4 0  |7 0  |8 0  |a SNK  |b SNK  |d 1997-03-03  |i snk1553/35  |l 0  |o snkČSB 172/9/1934  |p 17A0051055  |r 2005-01-02 00:00:00  |t č. 1-42  |w 2026-02-21  |y PREZ 
952 |0 0  |1 0  |4 0  |7 0  |8 0  |a SNK  |b SNK  |d 1997-03-13  |i snk968/39  |l 0  |o snkČSB 172/12/1937  |p 17A0056459  |r 2005-01-02 00:00:00  |t č. 1-52  |w 2026-02-21  |y PREZ 
952 |0 0  |1 0  |4 0  |7 0  |8 5  |a SNK  |b SNK  |d 1997-04-11  |i snkF 2910/73  |l 0  |o snkČSB 172/3/1928  |p 17A0058880  |r 2005-01-02 00:00:00  |t č. 1-22  |w 2026-02-21  |y PREZ 
952 |0 0  |1 0  |4 0  |7 0  |8 3  |a SNK  |b SNK  |d 1997-04-22  |i snkČSK 559/57  |l 0  |o snkČSB 172/4/1929  |p 17A0062014  |r 2005-01-02 00:00:00  |t č. 1-24  |w 2026-02-21  |y PREZ 
952 |0 0  |1 0  |4 0  |7 0  |a SNK  |b SNK  |d 1997-05-05  |i snk2105/37  |l 0  |o snkČSB 172/11/1936  |p 17A0065506  |r 2005-01-02 00:00:00  |t č. 1-52  |w 2026-02-21  |y PREZ 
952 |0 0  |1 0  |4 0  |7 0  |8 1  |a SNK  |b SNK  |d 1997-10-29  |i snkVI. 2813/55  |l 0  |o snkČSB 172/11/1936 D1  |p 17A1315817  |r 2005-01-02 00:00:00  |t č. 1-52  |w 2026-02-21  |y PREZ 
952 |0 0  |1 0  |4 0  |7 0  |a SNK  |b SNK  |d 1997-05-06  |i snk1263/33  |l 0  |o snkČSB 172/5/1930  |p 17A0065478  |r 2005-01-02 00:00:00  |t č. 1-22  |w 2026-02-21  |y PREZ 
952 |0 0  |1 0  |4 0  |7 0  |a SNK  |b SNK  |d 1997-05-06  |i snk2/39  |l 0  |o snkČSB 172/8/1933/1  |p 17A0065477  |r 2005-01-02 00:00:00  |t č. 1-9  |w 2026-02-21  |y PREZ 
952 |0 0  |1 0  |4 0  |7 0  |a SNK  |b SNK  |d 1997-06-24  |i snk??/42  |l 0  |o snkČSB 172/16/1941  |p 17A0074571  |r 2005-01-02 00:00:00  |t č. 1-52  |w 2026-02-21  |y PREZ 
952 |0 0  |1 0  |4 0  |7 0  |a SNK  |b SNK  |d 1997-06-24  |l 0  |o snkČSB 172/16/1941 D2  |p 17A0074569  |r 2005-01-02 00:00:00  |t č. 1-52  |w 2026-02-21  |y PREZ 
952 |0 0  |1 0  |4 0  |7 0  |a SNK  |b SNK  |d 2010-12-03  |i snk1262/33  |l 0  |o snkČSB 172/4/1929 D1  |p 17A0677896  |r 2026-02-21 19:56:06  |t č. 1-24  |w 2026-02-21  |y PREZ 
952 |0 0  |1 0  |4 0  |7 0  |8 5  |a SNK  |b SNK  |d 2011-10-13  |i snkF 937/68  |l 0  |o snkČSB 172/6/1931 D1  |p 17A0709841  |r 2026-02-21 20:22:42  |t č. 1-22  |w 2026-02-21  |y PREZ 
952 |0 0  |1 0  |4 0  |7 0  |8 3  |a SNK  |b SNK  |d 2011-09-29  |i snkK 313/77  |l 0  |o snkČSB 172/1/1926 D2  |p 17A0709389  |r 2026-02-21 20:29:34  |t č. 1-7  |w 2026-02-21  |y PREZ  |z Zviazané spolu s D3 ČSB 172/2/1927 
952 |0 0  |1 0  |4 0  |7 0  |a SNK  |b SNK  |d 2011-09-29  |i snk19/33  |l 0  |o snkČSB 172/3/1928 D2  |p 17A0709390  |r 2026-02-21 20:29:34  |t č. 1-22, neúplné  |w 2026-02-21  |y PREZ  |z chýba č. 4 
952 |0 0  |1 0  |4 0  |7 0  |8 5  |a SNK  |b SNK  |d 2012-01-20  |i snkF 1371/88  |l 0  |o snkČSB 172/10/1935 D2  |p 17A7633483  |r 2026-02-21 20:29:53  |t č. 1-46, neúplný  |w 2026-02-21  |y PREZ  |z chýba č. 21, 31, 45, 46 
952 |0 0  |1 0  |4 0  |7 0  |8 1  |a SNK  |b SNK  |d 2012-01-20  |i snkD 17/70  |l 0  |o snkČSB 172/7/1932 D1  |p 17A7633373  |r 2026-02-21 20:29:53  |t č. 1-20  |w 2026-02-21  |y PREZ 
952 |0 0  |1 0  |4 0  |7 0  |8 1  |a SNK  |b SNK  |d 1997-11-03  |i snkD 1290/61  |l 0  |o snkČSB 172/1/1926  |p 17A0106274  |r 2005-01-02 00:00:00  |t č. 1-7  |w 2026-02-21  |y PREZ 
952 |0 0  |1 0  |3 vypožičateľné len ako SIMPLIKÁT  |4 0  |7 0  |8 5  |a SNK  |b SNK  |d 2003-07-28  |i snkF 2904/???  |l 0  |o snkČSB 172/9/1934 D1  |p 17A0390477  |r 2005-01-02 00:00:00  |t č. 1-42  |w 2026-02-21  |y PREZ  |z č. 5-41, neúplný 
952 |0 0  |1 0  |4 0  |7 0  |8 2  |a SNK  |b SNK  |d 2008-09-30  |i snkK 2000/67  |l 0  |o snkČSB 172/5/1930 D1  |p 17A0588470  |r 2026-02-21 20:39:36  |t č. 1-22  |w 2026-02-21  |y PREZ 
952 |0 0  |1 0  |4 0  |7 0  |a SNK  |b SNK  |d 1997-12-17  |i snk697/39  |l 0  |o snkČSB 172/13/1938  |p 17A1346447  |r 2005-01-02 00:00:00  |t č. 1-52  |w 2026-02-21  |y PREZ 
952 |0 0  |1 1  |4 0  |7 0  |a SNK  |b SNK  |d 2000-03-28  |l 0  |o snkČSB 172/13/1938 D1  |p 17A0233124  |r 2005-01-02 00:00:00  |t č. 1-52  |w 2026-02-21  |y PREZ 
952 |0 0  |1 0  |4 0  |7 0  |a SNK  |b SNK  |d 1998-01-19  |i snk30/41  |l 0  |o snkČSB 172/15/1940  |p 17A0117858  |r 2005-01-02 00:00:00  |t č. 1-52  |w 2026-02-21  |y PREZ 
952 |0 0  |1 0  |4 0  |7 0  |a SNK  |b SNK  |d 2001-04-18  |i snk??/43  |l 0  |o snkČSB 172/17/1942  |p 17A0297495  |r 2005-01-02 00:00:00  |t č. 1-52  |w 2026-02-21  |y PREZ 
952 |0 0  |1 0  |4 0  |7 0  |a SNK  |b SNK  |d 2001-07-09  |l 0  |o snkČSB 172/17/1942 D1  |p 17A0306328  |r 2005-01-02 00:00:00  |t č. 1-52  |w 2026-02-21  |y PREZ 
952 |0 0  |1 0  |4 0  |7 0  |8 3  |a SNK  |b SNK  |d 2012-10-22  |i snkK 439/88  |l 0  |o snkČSB 172/7/1932 D2  |p 17A1053065  |r 2026-02-21 20:50:26  |t č. 1-20  |w 2026-02-21  |y PREZ 
952 |0 0  |1 0  |4 0  |7 0  |8 3  |a SNK  |b SNK  |d 2014-04-24  |i snkK 437/88  |l 0  |o snkČSB 172/4/1929 D2  |p 17A1075046  |r 2026-02-21 20:51:43  |t č. 1-24  |w 2026-02-21  |y PREZ 
952 |0 0  |1 0  |4 0  |7 0  |a SNK  |b SNK  |d 1998-04-27  |i snk1264/33  |l 0  |o snkČSB 172/6/1931 D2  |p 17A0136295  |r 2005-01-02 00:00:00  |t č. 1-22, neúplné  |w 2026-02-21  |y PREZ  |z chýba č. 2, 14, 17-20 
952 |0 0  |1 0  |4 0  |7 0  |8 5  |a SNK  |b SNK  |d 1998-04-29  |i snkF 2909/78  |l 0  |o snkČSB 172/6/1931  |p 17A0136444  |r 2005-01-02 00:00:00  |t č. 1-22  |w 2026-02-21  |y PREZ 
952 |0 0  |1 0  |4 0  |7 0  |8 5  |a SNK  |b SNK  |d 2001-06-28  |i snkF 935/68  |l 0  |o snkČSB 172/14/1939   |p 17A0304141  |r 2005-01-02 00:00:00  |t č. 1-53, neúplný  |w 2026-02-21  |y PREZ  |z chýba č. 5 
952 |0 0  |1 0  |4 0  |7 0  |a SNK  |b SNK  |d 2001-07-06  |l 0  |o snkČSB 172/14/1939 D1  |p 17A0306311  |r 2005-01-02 00:00:00  |t č. 1-53, neúplný  |w 2026-02-21  |y PREZ  |z chýba č. 5 
952 |0 0  |1 0  |4 0  |7 0  |a SNK  |b SNK  |d 1998-12-04  |l 0  |o snkČSB 172/8/1933/2  |p 17A0172881  |r 2005-01-02 00:00:00  |t č. 10-16, neúplný  |w 2026-02-21  |y PREZ  |z chýba č. 15, 16 
952 |0 0  |1 0  |4 0  |7 0  |a SNK  |b SNK  |d 1998-12-04  |i snk1269/33  |l 0  |o snkČSB 172/7/1932  |p 17A0172880  |r 2005-01-02 00:00:00  |t č. 1-20  |w 2026-02-21  |y PREZ 
952 |0 0  |1 0  |4 0  |7 0  |8 5  |a SNK  |b SNK  |d 2011-09-06  |i snkF 948/68  |l 0  |o snkČSB 172/15/1940 D1  |p 17A0709407  |r 2026-02-21 21:24:55  |t č. 1-52  |w 2026-02-21  |y PREZ 
952 |0 0  |1 0  |4 0  |7 0  |a SNK  |b SNK  |d 1999-02-24  |l 0  |o snkČSB 172/20/1945 D1  |p 17A0182728  |r 2005-01-02 00:00:00  |t č. 1-13  |w 2026-02-21  |y PREZ  |z chýba č. 13 
952 |0 0  |1 0  |4 0  |7 0  |a SNK  |b SNK  |d 2001-06-28  |l 0  |o snkČSB 172/20/1945  |p 17A0304149  |r 2005-01-02 00:00:00  |t č. 1-13  |w 2026-02-21  |y PREZ 
952 |0 0  |1 0  |4 0  |7 0  |8 3  |a SNK  |b SNK  |d 1999-02-24  |i snkK 645/94  |l 0  |o snkČSB 172/2/1927 D2  |p 17A0182733  |r 2005-01-02 00:00:00  |t č. 1-20, neúplné  |w 2026-02-21  |y PREZ  |z Chýba č. 1,3-6,9,12,14-16,18 
952 |0 0  |1 0  |4 0  |7 0  |a SNK  |b SNK  |d 2001-01-13  |l 0  |o snkČSB 172/3/1928 D1  |p 17A0152386  |r 2005-01-02 00:00:00  |t č. 1-22  |w 2026-02-21  |y PREZ 
952 |0 0  |1 0  |4 0  |7 0  |a SNK  |b SNK  |d 2020-07-24  |i snk814/42  |l 0  |o snkČSB 172/16/1941 D1  |p 17A1347227  |r 2026-02-21 22:00:30  |t č. 1-52  |w 2026-02-21  |y PREZ 
952 |0 0  |1 0  |4 0  |7 0  |8 5  |a SNK  |b SNK  |d 2020-09-21  |i snkF 4516/77  |l 0  |o snkČSB 172/1/1926 D1  |p 17A1431542  |r 2026-02-21 22:16:03  |t č. 1-7  |w 2026-02-21  |y PREZ 
952 |0 0  |1 0  |4 0  |7 0  |a SNK  |b SNK  |d 2020-09-21  |l 0  |o snkČSB 172/2/1927 D3  |p 17A1431543  |r 2026-02-21 22:16:03  |t č. 1-20, neúplné  |w 2026-02-21  |y PREZ  |z Chýba č. 14-20 ; zviazané spolu s D2 ČSB 172/1/1926